00257nam a22000977a 4500008004100000082001600041100001900057245003500076260003900111300000900150230620b xxu||||| |||| 00| 0 eng d a323.16bHOD cThomas Hodgkin aNationalism in Colonial Africa aLondonbFrederick Muller LTDc1956 a215p